000 01128nam0a22003011 4500
001 rc\258782
005 20030307121413.5
010 _a5-7705-0348-3
_911500
035 _a(NLR Aleph) 005532001
090 _a5619224
_c5619224
100 _a20030307d1990 u |0rusy50 ca
101 0 _arus
102 _aRU
105 _aa |||||||||
200 1 _aСправочник по выбору оборудования для кондиционирования воздуха
205 _a2-е изд., перераб. и доп.
210 _aКиев
_cБудивэльнык
_d1990
215 _a220, [2] с.
_cил.
_d21
300 _aЗагл. 1-го изд.: Справочник по оборудованию для кондиционирования воздуха
320 _aБиблиогр.: с. 215-217 (53 назв.)
320 _aПредм. указ.: с. 218-221
700 1 _aПекер
_bЯ. Д.
_gЯков Давидович
701 1 _aМардер
_bЕ. Я.
_gЕфим Яковлевич
801 0 _aRU
_bNLR
_gpsbo
801 1 _aRU
_bELAR
_2rusmarc
852 _aNLR
_j91-5/820
942 _cBOOK
980 _aNB